[Event "ROM-ch U10"]
[Site "Baile Felix"]
[Date "2017.02.06"]
[Round "6"]
[White "Szabo, Tamas1111"]
[Black "Bora, Gut Ianis"]
[Result "1-0"]
[WhiteElo "1038"]
[BlackElo "1001"]
[PlyCount "155"]
[EventDate "2017.02.02"]
[EventType "swiss"]
[EventRounds "9"]
[EventCountry "ROU"]
[SourceTitle "CBM 176 Extra"]
[Source "ChessBase"]
[SourceDate "2017.03.02"]
[SourceVersion "1"]
[SourceVersionDate "2017.03.02"]
[SourceQuality "1"]

1. d4 d5 2. Nf3 Nc6 3. e3 Bf5 4. Bd3 Bxd3 5. Qxd3 Nb4 6. Qd1 e6 7. c3 Nc6 8. 0-0 Qd7 9. Nbd2 0-0-0 10. b4 Qd6 11. b5 Nce7 12. Qa4 Kb8 13. Ba3 Qd7 14. Nb3 Ng6 15. Nc5 Bxc5 16. Bxc5 a6 17. Rab1 a5 18. Qxa5 b6 19. Bxb6 cxb6 20. Qxb6+ Qb7 21. Qxd8+ Ka7 22. b6+ Ka6 23. Rb3 Nf6 24. Qd6 Qe7 25. Ra3+ Kb5 26. Rb1+ Kc4 27. Qc6+ Kd3 28. Qb5+ Ke4 29. Nd2+ Kf5 30. h3 Qxa3 31. g4+ Kg5 32. Nf3+ Kh6 33. g5+ Kh5 34. gxf6 gxf6 35. Qf1 Rg8 36. b7 Ne5+ 37. Kh1 Nxf3 38. b8Q Rxb8 39. Rxb8 Qd6 40. Qg2 Qxb8 41. Qg4+ Kh6 42. Qxf3 Kg7 43. Qg4+ Kf8 44. f4 Qb1+ 45. Kg2 Qxa2+ 46. Kf3 Qc2 47. Qh4 Qd1+ 48. Kg3 Qe1+ 49. Kg4 Qxe3 50. Qxh7 f5+ 51. Kg5 Qg3+ 52. Kf6 Qg8 53. Qxg8+ Kxg8 54. h4 Kh7 55. Kxf7 Kh6 56. Kxe6 Kh5 57. Kxd5 Kxh4 58. c4 Kg4 59. c5 Kxf4 60. c6 Kg3 61. c7 f4 62. c8Q f3 63. Qg8+ Kh2 64. Qh7+ Kg2 65. Qg6+ Kf2 66. Ke4 Ke2 67. Qg4 Kd2 68. Qxf3 Kc2 69. Qe3 Kb2 70. Qd3 Ka2 71. Qb5 Ka3 72. Qb7 Ka4 73. Qb6 Ka3 74. Qb5 Ka2 75. Qb4 Ka1 76. Kd3 Ka2 77. Kc3 Ka1 78. Qb2# 1-0

[Event "ROM-ch U10"]
[Site "Baile Felix"]
[Date "2017.02.04"]
[Round "3"]
[White "Bora, Gut Ianis"]
[Black "Pataki, Dragos Ioan"]
[Result "0-1"]
[WhiteElo "1001"]
[BlackElo "1061"]
[PlyCount "38"]
[EventDate "2017.02.02"]
[EventType "swiss"]
[EventRounds "9"]
[EventCountry "ROU"]
[SourceTitle "CBM 176 Extra"]
[Source "ChessBase"]
[SourceDate "2017.03.02"]
[SourceVersion "1"]
[SourceVersionDate "2017.03.02"]
[SourceQuality "1"]

1. d4 f5 2. e3 e6 3. Nf3 Nf6 4. Ne5 d6 5. Bb5+ c6 6. Ba4 dxe5 7. Qd3 e4 8. f4 exd3 9. Nc3 dxc2 10. Rf1 Bb4 11. a3 Bxc3+ 12. Ke2 Ne4 13. Rf3 0-0 14. bxc3 Nxc3+ 15. Kd2 Nxa4 16. Rg3 Qa5+ 17. Kxc2 Qc3+ 18. Kb1 Qb3+ 19. Bb2 Qxb2# 0-1